Music Quiz

Random Music or Alphabet Quiz

Michael Jackson Songs (A-Z) Quiz Stats

Quiz Updated Aug 7, 2015

Challenge
Share
Tweet
Embed
Score 0/23 Timer 04:00
0 Plays Today
Song Title % Correct
Billie Jean, Beat It, Bad...
98.4%
Thriller, The Way You Make Me Feel...
90.6%
Smooth Criminal, Scream...
71.2%
Man in the Mirror, Money...
67.5%
Don't Stop 'Til You Get Enough...
66.7%
Rock with You, Remember the Time...
49.7%
Heal the World, Human Nature...
47.9%
P.Y.T. (Pretty Young Thing), Privacy...
46.1%
Will You Be There, We Are the World...
45.2%
Earth Song, Everybody's Somebody's Fool...
41.8%
You Are Not Alone, You Rock My World...
41.1%
Leave Me Alone, Loving You...
39%
Song Title % Correct
In the Closet, Invincible...
33.3%
Off the Wall, On the Line...
28.9%
Ghosts, Girlfriend...
26.5%
Jam, Johnny Raven...
25.8%
Another Part of Me, A Brand New Day...
23.8%
Childhood, Chicago...
20.9%
Xscape
13.8%
For All Time, Fly Away...
12.3%
2 Bad, 2000 Watts
11.2%
Keep the Faith, Keep Your Head Up
10%
Unbreakable, Up Again
9.6%

You're not logged in!

Compare scores with friends on all Sporcle quizzes.
Sign Up with Email
OR
Log In

You Might Also Like...

Show Comments

Extras

Top Quizzes Today


Score Distribution

Your Account Isn't Verified!

In order to create a playlist on Sporcle, you need to verify the email address you used during registration. Go to your Sporcle Settings to finish the process.